<?xml version="1.0" encoding="UTF-8"?>
<record
    xmlns:xsi="http://www.w3.org/2001/XMLSchema-instance"
    xsi:schemaLocation="http://www.loc.gov/MARC21/slim http://www.loc.gov/standards/marcxml/schema/MARC21slim.xsd"
    xmlns="http://www.loc.gov/MARC21/slim">

  <leader>01322nam a2200277Ia 4500</leader>
  <controlfield tag="005">20220317000129.0</controlfield>
  <controlfield tag="008">141031s9999    xx            000 0 und d</controlfield>
  <datafield tag="020" ind1=" " ind2=" ">
    <subfield code="a">9586440850</subfield>
  </datafield>
  <datafield tag="082" ind1=" " ind2=" ">
    <subfield code="a">303.6861</subfield>
    <subfield code="b">G65v</subfield>
  </datafield>
  <datafield tag="100" ind1="1" ind2="0">
    <subfield code="a">Gonz&#xE1;lez, Fern&#xE1;n E.</subfield>
  </datafield>
  <datafield tag="245" ind1="1" ind2="0">
    <subfield code="a">Violencia pol&#xED;tica en Colombia : de la naci&#xF3;n fragmentada a la construcci&#xF3;n del Estado </subfield>
    <subfield code="c"> Fern&#xE1;n E. Gonz&#xE1;lez, Ingrid J. Bol&#xED;var, Te&#xF3;filo V&#xE1;zquez</subfield>
  </datafield>
  <datafield tag="250" ind1=" " ind2=" ">
    <subfield code="a">1a ed., 5a reimpr.</subfield>
  </datafield>
  <datafield tag="300" ind1=" " ind2=" ">
    <subfield code="a">336 p&#xE1;ginas </subfield>
    <subfield code="e">1 CD ROM</subfield>
  </datafield>
  <datafield tag="500" ind1=" " ind2=" ">
    <subfield code="a">El CD-ROM tiene como titulo: Violencia pol&#xED;tica en Colombia. Consultar el CD-ROM bajo clasificaci&#xF3;n: 303.6861 / G65v</subfield>
  </datafield>
  <datafield tag="505" ind1=" " ind2=" ">
    <subfield code="a">Hacia una mirada m&#xE1;s compleja de la violencia de los a&#xF1;os cincuenta -- La din&#xE1;mica del conflicto en la d&#xE9;cada del 90 -- Dos historias en contrav&#xED;a : las FARC y las AUC -- Tendencias nacionales del accionar de los actores armados -- La geograf&#xED;a de la guer</subfield>
  </datafield>
  <datafield tag="650" ind1="1" ind2="4">
    <subfield code="a"> Violencia </subfield>
    <subfield code="2">LEMB</subfield>
    <subfield code="z">Colombia </subfield>
  </datafield>
  <datafield tag="650" ind1="1" ind2="4">
    <subfield code="a"> Violencia pol&#xED;tica </subfield>
    <subfield code="2">LEMB</subfield>
    <subfield code="z"> Colombia </subfield>
  </datafield>
  <datafield tag="650" ind1="1" ind2="4">
    <subfield code="a"> Violencia social </subfield>
    <subfield code="2">LEMB</subfield>
    <subfield code="z"> Colombia </subfield>
  </datafield>
  <datafield tag="700" ind1="1" ind2="0">
    <subfield code="a">Bol&#xED;var, Ingrid Johanna</subfield>
    <subfield code="9">16639</subfield>
  </datafield>
  <datafield tag="942" ind1=" " ind2=" ">
    <subfield code="2">ddc</subfield>
    <subfield code="c">BK</subfield>
  </datafield>
  <datafield tag="264" ind1=" " ind2=" ">
    <subfield code="a">Bogot&#xE1; </subfield>
    <subfield code="b">CINEP</subfield>
    <subfield code="c">2007</subfield>
  </datafield>
  <datafield tag="336" ind1=" " ind2=" ">
    <subfield code="a">texto</subfield>
    <subfield code="b">txt</subfield>
    <subfield code="2">rdacontent</subfield>
  </datafield>
  <datafield tag="337" ind1=" " ind2=" ">
    <subfield code="a">sin mediaci&#xF3;n</subfield>
    <subfield code="b">n</subfield>
    <subfield code="2">rdamedia</subfield>
  </datafield>
  <datafield tag="338" ind1=" " ind2=" ">
    <subfield code="a">volumen</subfield>
    <subfield code="b">nc</subfield>
    <subfield code="2">rdacarrier</subfield>
  </datafield>
  <datafield tag="040" ind1=" " ind2=" ">
    <subfield code="a">CO-BoRNBP</subfield>
    <subfield code="b">spa</subfield>
    <subfield code="e">rda</subfield>
    <subfield code="c">CO-BoRNBP</subfield>
  </datafield>
  <datafield tag="999" ind1=" " ind2=" ">
    <subfield code="c">3182</subfield>
    <subfield code="d">3182</subfield>
  </datafield>
  <datafield tag="952" ind1=" " ind2=" ">
    <subfield code="0">0</subfield>
    <subfield code="1">0</subfield>
    <subfield code="2">ddc</subfield>
    <subfield code="4">0</subfield>
    <subfield code="7">0</subfield>
    <subfield code="a">MEPRICO</subfield>
    <subfield code="b">MEPRICO</subfield>
    <subfield code="c">GEN</subfield>
    <subfield code="d">2022-12-05</subfield>
    <subfield code="l">0</subfield>
    <subfield code="o">3036861 G65v</subfield>
    <subfield code="p">PROOOOOO121</subfield>
    <subfield code="r">2022-12-05 00:00:00</subfield>
    <subfield code="t">Ej.1</subfield>
    <subfield code="w">2022-12-05</subfield>
    <subfield code="y">BK</subfield>
  </datafield>
  <datafield tag="952" ind1=" " ind2=" ">
    <subfield code="0">0</subfield>
    <subfield code="1">0</subfield>
    <subfield code="2">ddc</subfield>
    <subfield code="4">0</subfield>
    <subfield code="7">0</subfield>
    <subfield code="8">GEN</subfield>
    <subfield code="a">MEPRICO</subfield>
    <subfield code="b">MEPRICO</subfield>
    <subfield code="c">GEN</subfield>
    <subfield code="d">2022-12-05</subfield>
    <subfield code="o">3036861 G89v</subfield>
    <subfield code="p">PR00000124</subfield>
    <subfield code="r">2022-12-05 00:00:00</subfield>
    <subfield code="t">Ej.1</subfield>
    <subfield code="w">2022-12-05</subfield>
    <subfield code="y">BK</subfield>
  </datafield>
  <datafield tag="952" ind1=" " ind2=" ">
    <subfield code="0">0</subfield>
    <subfield code="1">0</subfield>
    <subfield code="2">ddc</subfield>
    <subfield code="4">0</subfield>
    <subfield code="7">0</subfield>
    <subfield code="8">GEN</subfield>
    <subfield code="a">MEDORADO</subfield>
    <subfield code="b">MEDORADO</subfield>
    <subfield code="c">GEN</subfield>
    <subfield code="d">2022-12-12</subfield>
    <subfield code="o">303.6861 G65v</subfield>
    <subfield code="p">DOR00141</subfield>
    <subfield code="r">2022-12-12 00:00:00</subfield>
    <subfield code="t">Ej.1</subfield>
    <subfield code="w">2022-12-12</subfield>
    <subfield code="y">BK</subfield>
  </datafield>
  <datafield tag="952" ind1=" " ind2=" ">
    <subfield code="0">0</subfield>
    <subfield code="1">0</subfield>
    <subfield code="2">ddc</subfield>
    <subfield code="4">0</subfield>
    <subfield code="7">0</subfield>
    <subfield code="8">GEN</subfield>
    <subfield code="a">MEMAPIRI</subfield>
    <subfield code="b">MEMAPIRI</subfield>
    <subfield code="c">GEN</subfield>
    <subfield code="d">2023-03-17</subfield>
    <subfield code="l">0</subfield>
    <subfield code="o">303.6861</subfield>
    <subfield code="p">MAP0000153</subfield>
    <subfield code="r">2023-03-17 00:00:00</subfield>
    <subfield code="t">Ej.1</subfield>
    <subfield code="w">2023-03-17</subfield>
    <subfield code="y">BK</subfield>
  </datafield>
  <datafield tag="952" ind1=" " ind2=" ">
    <subfield code="0">0</subfield>
    <subfield code="1">0</subfield>
    <subfield code="2">ddc</subfield>
    <subfield code="4">0</subfield>
    <subfield code="7">0</subfield>
    <subfield code="8">GEN</subfield>
    <subfield code="a">MESMARTI</subfield>
    <subfield code="b">MESMARTI</subfield>
    <subfield code="c">GEN</subfield>
    <subfield code="d">2023-03-29</subfield>
    <subfield code="l">0</subfield>
    <subfield code="o">303.6861 G65v</subfield>
    <subfield code="p">SM00987</subfield>
    <subfield code="r">2023-03-29 00:00:00</subfield>
    <subfield code="t">Ej.1</subfield>
    <subfield code="w">2023-03-29</subfield>
    <subfield code="y">BK</subfield>
  </datafield>
  <datafield tag="952" ind1=" " ind2=" ">
    <subfield code="0">0</subfield>
    <subfield code="1">0</subfield>
    <subfield code="2">ddc</subfield>
    <subfield code="4">0</subfield>
    <subfield code="7">0</subfield>
    <subfield code="8">GEN</subfield>
    <subfield code="a">MEBAUPIA</subfield>
    <subfield code="b">MEBAUPIA</subfield>
    <subfield code="c">GEN</subfield>
    <subfield code="d">2023-10-17</subfield>
    <subfield code="l">0</subfield>
    <subfield code="o">303.6861 G65v</subfield>
    <subfield code="p">BUP01115</subfield>
    <subfield code="r">2023-10-17 14:23:34</subfield>
    <subfield code="t">Ej.1</subfield>
    <subfield code="w">2023-10-17</subfield>
    <subfield code="y">BK</subfield>
  </datafield>
  <datafield tag="952" ind1=" " ind2=" ">
    <subfield code="0">0</subfield>
    <subfield code="1">0</subfield>
    <subfield code="2">ddc</subfield>
    <subfield code="4">0</subfield>
    <subfield code="7">0</subfield>
    <subfield code="8">GEN</subfield>
    <subfield code="a">MECUMARA</subfield>
    <subfield code="b">MECUMARA</subfield>
    <subfield code="c">LIT</subfield>
    <subfield code="d">2024-05-14</subfield>
    <subfield code="f">SALA GENERAL 3A</subfield>
    <subfield code="l">0</subfield>
    <subfield code="o">303.6863G65v</subfield>
    <subfield code="p">MECUM00088</subfield>
    <subfield code="r">2024-05-14 13:58:00</subfield>
    <subfield code="t">Ej.1</subfield>
    <subfield code="w">2024-05-14</subfield>
    <subfield code="y">BK</subfield>
  </datafield>
  <datafield tag="952" ind1=" " ind2=" ">
    <subfield code="0">0</subfield>
    <subfield code="1">0</subfield>
    <subfield code="2">ddc</subfield>
    <subfield code="4">0</subfield>
    <subfield code="7">0</subfield>
    <subfield code="8">GEN</subfield>
    <subfield code="a">MEURIBE</subfield>
    <subfield code="b">MEURIBE</subfield>
    <subfield code="c">GEN</subfield>
    <subfield code="d">2024-07-10</subfield>
    <subfield code="l">0</subfield>
    <subfield code="o">303.6861 G65v</subfield>
    <subfield code="p">URI00206</subfield>
    <subfield code="r">2024-07-10 17:56:04</subfield>
    <subfield code="t">Ej.1</subfield>
    <subfield code="w">2024-07-10</subfield>
    <subfield code="y">BK</subfield>
  </datafield>
  <datafield tag="952" ind1=" " ind2=" ">
    <subfield code="0">0</subfield>
    <subfield code="1">0</subfield>
    <subfield code="2">ddc</subfield>
    <subfield code="4">0</subfield>
    <subfield code="7">0</subfield>
    <subfield code="8">GEN</subfield>
    <subfield code="a">MEACACIA</subfield>
    <subfield code="b">MEACACIA</subfield>
    <subfield code="c">GEN</subfield>
    <subfield code="d">2025-03-07</subfield>
    <subfield code="l">0</subfield>
    <subfield code="o">303.6861 G65v</subfield>
    <subfield code="p">ACA01550</subfield>
    <subfield code="r">2025-03-07 08:00:29</subfield>
    <subfield code="t">Ej.1</subfield>
    <subfield code="w">2025-03-07</subfield>
    <subfield code="y">BK</subfield>
  </datafield>
  <datafield tag="952" ind1=" " ind2=" ">
    <subfield code="0">0</subfield>
    <subfield code="1">0</subfield>
    <subfield code="2">ddc</subfield>
    <subfield code="4">0</subfield>
    <subfield code="7">0</subfield>
    <subfield code="8">GEN</subfield>
    <subfield code="a">MEPLOPEZ</subfield>
    <subfield code="b">MEPLOPEZ</subfield>
    <subfield code="c">GEN</subfield>
    <subfield code="d">2025-04-10</subfield>
    <subfield code="l">0</subfield>
    <subfield code="o">303.6861 G65v</subfield>
    <subfield code="p">PLZ00220</subfield>
    <subfield code="r">2025-04-10 15:45:23</subfield>
    <subfield code="t">Ej.1</subfield>
    <subfield code="w">2025-04-10</subfield>
    <subfield code="y">BK</subfield>
  </datafield>
  <datafield tag="952" ind1=" " ind2=" ">
    <subfield code="0">0</subfield>
    <subfield code="1">0</subfield>
    <subfield code="2">lcc</subfield>
    <subfield code="4">0</subfield>
    <subfield code="7">0</subfield>
    <subfield code="8">GEN</subfield>
    <subfield code="a">MEPCONCO</subfield>
    <subfield code="b">MEPCONCO</subfield>
    <subfield code="c">GEN</subfield>
    <subfield code="d">2026-02-02</subfield>
    <subfield code="l">0</subfield>
    <subfield code="o">303.6861 G65v</subfield>
    <subfield code="p">PCON00509</subfield>
    <subfield code="r">2026-02-02 19:26:35</subfield>
    <subfield code="t">Ej.1</subfield>
    <subfield code="w">2026-02-02</subfield>
    <subfield code="y">BK</subfield>
  </datafield>
</record>
